Artificial neural network and fuzzy logic solutions to short-term load forecasting /
Saved in:
| Main Author: | |
|---|---|
| Format: | Thesis Book |
| Language: | English |
| Published: |
1998.
|
| Subjects: | |
| Tags: |
Add Tag
No Tags, Be the first to tag this record!
|
| LEADER | 00836cam a2200241 a 4500 | ||
|---|---|---|---|
| 001 | u437066 | ||
| 003 | SIRSI | ||
| 008 | 970429s1998 si v 00 1 eng m | ||
| 035 | |a ACG-8492 | ||
| 040 | |a UMM | ||
| 090 | |a QA76.87 |b Yi | ||
| 100 | 1 | 0 | |a Yi, Minjun. |
| 245 | 1 | 0 | |a Artificial neural network and fuzzy logic solutions to short-term load forecasting / |c by Yi, Minjun. |
| 260 | |c 1998. | ||
| 300 | |a xiv, 113 leaves : |b ill. ; |c 30 cm. | ||
| 502 | |a Dissertation (M.Eng.) -- National University of Singapore, 1998. | ||
| 504 | |a Bibliography: leaves 94-101. | ||
| 650 | 0 | |a Neural networks (Computer science) | |
| 650 | 0 | |a Fuzzy systems. | |
| 650 | 0 | |a Electric power distribution |x Data processing. | |
| 948 | |a 24/03/1999 |b 17/06/1999 | ||
| 596 | |a 1 | ||
| 999 | |a QA76.87 YI |w LC |c 1 |i A508383511 |d 23/6/2000 |l STACKS |m P01UTAMA |n 4 |r Y |s Y |t TESIS |u 23/6/1999 | ||
